| 000 | 005350000a22001930004500 | ||
|---|---|---|---|
| 001 | 003600 | ||
| 003 | MACL | ||
| 005 | 20151025112831.0 | ||
| 008 | 151025b xxu||||| |||| 00| 0 eng d | ||
| 040 |
_aMACL _cMACL |
||
| 041 | _aEnglish | ||
| 082 | _a934/ARY | ||
| 100 |
_aArya, Samarendra Narayan _916592 |
||
| 245 |
_aHistori of Pilgrimage in Ancient India _bAd 300-1200 _cSamarendra Narayan Arya |
||
| 260 |
_aNew Delhi _c2004 _bMunshiram Manoharlal Publishers, |
||
| 350 | _a550 | ||
| 650 |
_aHistory _916593 |
||
| 942 |
_k934 _cBK _2ddc |
||
| 999 |
_c15498 _d15498 |
||